000 02345nam0a2200385 4500
001 RU\NLR\BIBL_A\022725723
005 20260402125503.0
010 _a978-5-6053358-0-1
_9500
021 _aRU
_bКН-П-25-077402
_9КН-П-25-7505
035 _a(NLR Aleph) 022725723
090 _a13650267
_c13650267
100 _a20260211d2024 k y0rusy50 ca
101 0 _arus
102 _aRU
105 _aa b 000yy
181 0 _ai3
_baxxe
182 0 _an
200 1 _aГенетическая коллекция шелковицы Станции шелководства
_eкаталог
_fЕ. Ф. Лейнвебер, Е. Г. Евлагина, В. Г. Евлагин
_gМинистерство науки и высшего образования Российской Федерации, Научно-исследовательская станция шелководства-филиал Федерального государственного бюджетного научного учреждения "Северо-Кавказский федеральный научный аграрный центр"
203 _aТекст
_bвизуальный
_cнепосредственный
210 _aСтаврополь
_cФГБНУ "Северо-Кавказский ФНАЦ"
_cСтаврополь-Сервис-Школа
_d2024
215 _a114 с.
_cцв. ил., табл.
_d29
300 _aНа обороте тит. с. 1-й авт.: Лейнвебер Е. Ф., канд. с.-х. наук
320 _aБиблиогр.: с. 110-114 (48 назв.)
601 0 2 _aСеверо-Кавказский федеральный научный аграрный центр
_bСтанция шелководства
_cМихайловск, город
_92703786
_3RU\NLR\AUTH\6601768607
606 1 _aТутовое дерево
_jКаталоги
_xГенофонд
_92703787
_3RU\NLR\AUTH\6601768608
686 1 _aП1е(2)л2
686 1 _aП692е(2)л43
686 1 _aП382.9 Тутовое дерево-451я26
700 1 _aЛейнвебер
_bЕ. Ф.
_gЕвдокия Федотовна
701 1 _aЕвлагина
_bЕ. Г.
_gЕлена Григорьевна
701 1 _aЕвлагин
_bВ. Г.
_gВиктор Григорьевич
942 _cBOOK
980 _aNB